000 01183nam a2200277Ia 4500
003 OSt
005 20220923211311.0
006 a|||||r|||| 00| 0
007 ta
008 220922b |||||||| |||| 00| 0 hin d
020 _a9788179756218 (hbk)
_c600
024 _a354,589
037 _bIN275, 30/12/2021, Anamika Publishers & Distributor Pvt. Ltd.
_cTextual
040 _aARTS
_cARTS
_bhin
041 _2hin
_ahin
082 _aO15,1N741:g(Y15), Q8
100 _aसिंह, श्रुति आनंद, ले.
245 0 _aनाम रहेगा काम सों
_b अभी की कविता में स्त्री
246 _aNām rahegā kām soan: abhī kī kavitā mean strī
260 _aनई दिल्ली
_b अनामिका पब्लिशर्स
_c2018
300 _a227पृ.
_ccm.
650 _a हिन्दी साहित्य
_9156264
650 _aहिन्दी कविता
942 _hO15,1N741:g(Y15), Q8
_cTEXL
_2CC
999 _c298249
_d298249